000 00909nam a22002057a 4500
999 _c11337
_d11337
003 AR-CdUCM
008 190403b ||||| |||| 00| 0 spa d
040 _aMUNICIPALIDAD PROVINCIAL DEL CUSCO
_cBIBLIOTECA MUNICIPAL DEL CUSCO
082 _23ed.
_a860.9 /
_bR46 / 1884.
100 _aRevilla y Moreno, Manuel de la,
_928654
245 _aPrincipios generales de literatura é historia de la literatura española /
260 _aMadrid :
_bLibr. de F. Yravedra,
_c1884.
300 _a528 paginas ;
_c21 cm.
505 _acontenido : t.1 : Idea general de la ciencia de la literatura -- Acepciones diversas de la palabra literatura -- División de la literatura -- Limitación de la belleza finita -- Idea general del lenguaje -- El artista...
650 _aLiteratura española
_9193
650 _aObras literarias
_9403
650 _aLenguaje poético
_928655
942 _2ddc
_cLIBROS
945 _awnts